<?xml version="1.0" encoding="UTF-8"?>
<record
    xmlns:xsi="http://www.w3.org/2001/XMLSchema-instance"
    xsi:schemaLocation="http://www.loc.gov/MARC21/slim http://www.loc.gov/standards/marcxml/schema/MARC21slim.xsd"
    xmlns="http://www.loc.gov/MARC21/slim">

  <leader>00579nam a22001337a 4500</leader>
  <datafield tag="040" ind1=" " ind2=" ">
    <subfield code="c">RUA</subfield>
  </datafield>
  <datafield tag="082" ind1=" " ind2=" ">
    <subfield code="a">AGR SAR 2017 B630 Or.1</subfield>
  </datafield>
  <datafield tag="100" ind1=" " ind2=" ">
    <subfield code="a">&#x179F; &#x179F;&#x17D2;&#x179A;&#x17B8;&#x178E;&#x17B6; SAR SREYNA</subfield>
  </datafield>
  <datafield tag="245" ind1=" " ind2=" ">
    <subfield code="a">&#x1780;&#x17B6;&#x179A;&#x1794;&#x17D2;&#x179A;&#x17C0;&#x1794;&#x1792;&#x17C0;&#x1794;&#x1794;&#x17D2;&#x179A;&#x1797;&#x17C1;&#x1791;&#x17A2;&#x17D0;&#x179A;&#x1798;&#x17C9;&#x17BC;&#x1793;&#x1795;&#x17D2;&#x179F;&#x17C1;&#x1784;&#x17D7;&#x1782;&#x17D2;&#x1793;&#x17B6;&#x179B;&#x17BE;&#x178A;&#x17B6;&#x17C6;&#x178E;&#x17B6;&#x17C6;&#x1795;&#x17D2;&#x1780;&#x17B6;&#x1798;&#x17D2;&#x179B;&#x17B7;&#x17C7; comparison of different hormones on jasmine flower </subfield>
  </datafield>
  <datafield tag="260" ind1=" " ind2=" ">
    <subfield code="a">RUA</subfield>
    <subfield code="b">PHNOM PENH </subfield>
    <subfield code="c">2017</subfield>
  </datafield>
  <datafield tag="300" ind1=" " ind2=" ">
    <subfield code="a">ix;28p</subfield>
    <subfield code="b">ill;</subfield>
    <subfield code="c">29cm</subfield>
  </datafield>
  <datafield tag="856" ind1=" " ind2=" ">
    <subfield code="u">https://drive.google.com/file/d/15-gwAzhQ9hnOWeo-08CiS2OcYu9sztjt/view?usp=sharing</subfield>
  </datafield>
  <datafield tag="942" ind1=" " ind2=" ">
    <subfield code="c">AGR</subfield>
  </datafield>
  <datafield tag="999" ind1=" " ind2=" ">
    <subfield code="c">17891</subfield>
    <subfield code="d">17891</subfield>
  </datafield>
  <datafield tag="952" ind1=" " ind2=" ">
    <subfield code="0">0</subfield>
    <subfield code="1">0</subfield>
    <subfield code="2">ddc</subfield>
    <subfield code="4">0</subfield>
    <subfield code="6">AGR_SAR_2017_000000000000000_B630_OR_1</subfield>
    <subfield code="7">0</subfield>
    <subfield code="9">78762</subfield>
    <subfield code="a">LBB</subfield>
    <subfield code="b">LBB</subfield>
    <subfield code="c">B630</subfield>
    <subfield code="d">2019-05-24</subfield>
    <subfield code="l">2</subfield>
    <subfield code="o">AGR SAR 2017 B630 Or.1</subfield>
    <subfield code="p">A44676</subfield>
    <subfield code="r">2020-12-29</subfield>
    <subfield code="s">2020-12-21</subfield>
    <subfield code="w">2019-05-24</subfield>
    <subfield code="y">AGR</subfield>
  </datafield>
  <datafield tag="952" ind1=" " ind2=" ">
    <subfield code="0">0</subfield>
    <subfield code="1">0</subfield>
    <subfield code="2">ddc</subfield>
    <subfield code="4">0</subfield>
    <subfield code="6">AGR_SAR_2017_000000000000000_B630_OR_2</subfield>
    <subfield code="7">0</subfield>
    <subfield code="9">78763</subfield>
    <subfield code="a">LBB</subfield>
    <subfield code="b">LBB</subfield>
    <subfield code="c">B630</subfield>
    <subfield code="d">2019-05-24</subfield>
    <subfield code="o">AGR SAR 2017 B630 Or.2</subfield>
    <subfield code="p">A44287</subfield>
    <subfield code="r">2019-05-24</subfield>
    <subfield code="w">2019-05-24</subfield>
    <subfield code="y">AGR</subfield>
  </datafield>
  <datafield tag="952" ind1=" " ind2=" ">
    <subfield code="0">0</subfield>
    <subfield code="1">0</subfield>
    <subfield code="2">ddc</subfield>
    <subfield code="4">0</subfield>
    <subfield code="6">AGR_SAR_2017_000000000000000_B630_OR_3</subfield>
    <subfield code="7">0</subfield>
    <subfield code="9">78764</subfield>
    <subfield code="a">LBB</subfield>
    <subfield code="b">LBB</subfield>
    <subfield code="c">B630</subfield>
    <subfield code="d">2019-05-24</subfield>
    <subfield code="l">3</subfield>
    <subfield code="o">AGR SAR 2017 B630 Or.3</subfield>
    <subfield code="p">A45121</subfield>
    <subfield code="r">2025-10-27</subfield>
    <subfield code="s">2025-10-24</subfield>
    <subfield code="w">2019-05-24</subfield>
    <subfield code="y">AGR</subfield>
  </datafield>
  <datafield tag="952" ind1=" " ind2=" ">
    <subfield code="0">0</subfield>
    <subfield code="1">0</subfield>
    <subfield code="2">ddc</subfield>
    <subfield code="4">0</subfield>
    <subfield code="6">AGR_SAR_2017_000000000000000_B630_OR_4</subfield>
    <subfield code="7">0</subfield>
    <subfield code="9">78765</subfield>
    <subfield code="a">LBB</subfield>
    <subfield code="b">LBB</subfield>
    <subfield code="c">B630</subfield>
    <subfield code="d">2019-05-24</subfield>
    <subfield code="o">AGR SAR 2017 B630 Or.4</subfield>
    <subfield code="p">A45046</subfield>
    <subfield code="r">2019-05-24</subfield>
    <subfield code="w">2019-05-24</subfield>
    <subfield code="y">AGR</subfield>
  </datafield>
  <datafield tag="952" ind1=" " ind2=" ">
    <subfield code="0">0</subfield>
    <subfield code="1">0</subfield>
    <subfield code="2">ddc</subfield>
    <subfield code="4">0</subfield>
    <subfield code="6">AGR_SAR_2017_000000000000000_B630_OR_5</subfield>
    <subfield code="7">0</subfield>
    <subfield code="9">78766</subfield>
    <subfield code="a">LBB</subfield>
    <subfield code="b">LBB</subfield>
    <subfield code="c">B630</subfield>
    <subfield code="d">2019-05-24</subfield>
    <subfield code="l">1</subfield>
    <subfield code="o">AGR SAR 2017 B630 Or.5</subfield>
    <subfield code="p">A44212</subfield>
    <subfield code="r">2025-09-01</subfield>
    <subfield code="s">2025-08-18</subfield>
    <subfield code="w">2019-05-24</subfield>
    <subfield code="y">AGR</subfield>
  </datafield>
  <datafield tag="952" ind1=" " ind2=" ">
    <subfield code="0">0</subfield>
    <subfield code="1">0</subfield>
    <subfield code="2">ddc</subfield>
    <subfield code="4">0</subfield>
    <subfield code="6">AGR_SAR_2017_000000000000000_B630_OR_6</subfield>
    <subfield code="7">0</subfield>
    <subfield code="9">78767</subfield>
    <subfield code="a">LBB</subfield>
    <subfield code="b">LBB</subfield>
    <subfield code="c">B630</subfield>
    <subfield code="d">2019-05-24</subfield>
    <subfield code="l">1</subfield>
    <subfield code="o">AGR SAR 2017 B630 Or.6</subfield>
    <subfield code="p">A44292</subfield>
    <subfield code="r">2022-08-01</subfield>
    <subfield code="s">2022-07-15</subfield>
    <subfield code="w">2019-05-24</subfield>
    <subfield code="y">AGR</subfield>
  </datafield>
</record>
